| 000 | 01267nam0a22002891 4500 | ||
|---|---|---|---|
| 001 | rc\2926568 | ||
| 005 | 20250806211443.0 | ||
| 035 | _a(NLR Aleph) 007076341 | ||
| 090 |
_a44418 _c44418 |
||
| 100 | _a20110816d1943 u y0rusy50 ca | ||
| 101 | 0 | _arus | |
| 102 | _aRU | ||
| 105 | _aa z ||||| | ||
| 200 | 1 |
_aОперативная реконструкция ампутированных конечностей и протезы _fЗаслуж. врач РСФСР, Канд. мед. наук И.Я. Штернберг _gС предисл. гл. хирурга УралВО проф. Ф.Р. Богданова _gНар. комиссариат соц. обеспечения РСФСР |
|
| 210 |
_aСвердловск _cСвердл. протезный завод _d1943 |
||
| 215 |
_a181, [3] с. _cил. _d22 см |
||
| 300 | _aС автогр. авт. | ||
| 320 | _aБиблиогр.: "Литература" (с. 175-180) | ||
| 700 | 1 |
_aШтернберг _bИ.Я. _gИосиф Яковлевич |
|
| 702 | 1 |
_aБогданов _bФ.Р. _4080 |
|
| 801 | 0 |
_aRU _bNLR _gpsbo |
|
| 801 | 1 |
_aRU _bELAR _2rusmarc |
|
| 852 |
_aNLR _jМд40 Г-5/66 |
||
| 942 | _cBOOK | ||
| 945 | _aРоссийская национальная библиотека | ||
| 980 | _aNB | ||
| 980 | _aBV | ||